000 00429ntaaa2200169 4500
003 01
005 20251027201600.0
008 0714s1973 ag 01
040 _aAR-BaBN
_bspa
_cAR-BaBN
_eaacr
_dRIC
082 _a230.0000 M91
100 _aMullins, Edgar Young
245 _aThe Christian Religion in its Doctrinal Expression
250 _a1 ed. :
_bs.l.,
_c1933
300 _axxiii, 514 p.
650 _aTeologĂ­a
942 _cBK
999 _c10440
_d10440